| 000 | 00535cam a2200205ua 4500 | ||
|---|---|---|---|
| 001 | 7787 | ||
| 005 | 20260515114245.0 | ||
| 008 | 141223n ii |||gr||||Z||||||ben | ||
| 040 | _cMAIN | ||
| 041 | _aben | ||
| 082 | _a891.4403 | ||
| 100 |
_aBasu, R., _eEditor. |
||
| 245 | 1 |
_aChalntika : _bAdhunik bangbhasar abhidhan / _cEdited by Rajshekhar Basu . |
|
| 250 | _a1st. | ||
| 260 |
_aKolkatta: _bM.C., _c1982. |
||
| 300 | _a654p. | ||
| 653 | _aEast Indo-European & Celtic literatures | ||
| 653 | _aBengali dictionary | ||
| 942 | _cBK | ||
| 999 |
_c6903 _d6903 |
||